00428 a2200169 450000100060000002000150000604000220002110000210004324000190006424500140008330000070009736200090010465000120011394200070012595201090013299900170024159569 a8508094841 cAnchieta - Pituba aLaidlaw, Jill A.10aPaul Kleelpor10aPaul Klee a480 a2005 4aPintura cBK 00104070a91.1b91.1d2023-11-21l0o750 L185p LAI PAUp10868/PITr2023-11-21 18:27:36w2023-11-21yBK c59569d59569